Billboard Hot 100 #1 Hits of 1961 - Statistics

General Stats
  • This quiz has been taken 4 times
  • The average score is 30 of 52
Answer Stats
Issue Date #1 Hit Artist % Correct
April 24 Runaway Del Shannon
100%
May 1 Runaway Del Shannon
100%
May 8 Runaway Del Shannon
100%
May 15 Runaway Del Shannon
100%
January 2 Are You Lonesome Tonight? Elvis Presley
75%
October 9 Hit the Road Jack Ray Charles
75%
October 16 Hit the Road Jack Ray Charles
75%
December 11 Please Mr. Postman The Marvelettes
75%
October 23 Runaround Sue Dion
75%
October 30 Runaround Sue Dion
75%
November 6 Big Bad John Jimmy Dean
50%
November 13 Big Bad John Jimmy Dean
50%
November 20 Big Bad John Jimmy Dean
50%
November 27 Big Bad John Jimmy Dean
50%
December 4 Big Bad John Jimmy Dean
50%
April 3 Blue Moon The Marcels
50%
April 10 Blue Moon The Marcels
50%
April 17 Blue Moon The Marcels
50%
February 13 Calcutta Lawrence Welk
50%
February 20 Calcutta Lawrence Welk
50%
September 4 Michael The Highwaymen
50%
September 11 Michael The Highwaymen
50%
June 19 Moody River Pat Boone
50%
May 22 Mother-in-Law Ernie K-Doe
50%
February 27 Pony Time Chubby Checker
50%
March 6 Pony Time Chubby Checker
50%
March 13 Pony Time Chubby Checker
50%
June 26 Quarter to Three U.S. Bonds
50%
July 3 Quarter to Three U.S. Bonds
50%
June 5 Running Scared Roy Orbison
50%
March 20 Surrender Elvis Presley
50%
March 27 Surrender Elvis Presley
50%
September 18 Take Good Care of My Baby Bobby Vee
50%
September 25 Take Good Care of My Baby Bobby Vee
50%
October 2 Take Good Care of My Baby Bobby Vee
50%
December 18 The Lion Sleeps Tonight The Tokens
50%
December 25 The Lion Sleeps Tonight The Tokens
50%
July 10 Tossin' and Turnin' Bobby Lewis
50%
July 17 Tossin' and Turnin' Bobby Lewis
50%
July 24 Tossin' and Turnin' Bobby Lewis
50%
July 31 Tossin' and Turnin' Bobby Lewis
50%
August 7 Tossin' and Turnin' Bobby Lewis
50%
August 14 Tossin' and Turnin' Bobby Lewis
50%
August 21 Tossin' and Turnin' Bobby Lewis
50%
May 29 Travelin' Man Ricky Nelson
50%
June 12 Travelin' Man Ricky Nelson
50%
January 30 Will You Love Me Tomorrow The Shirelles
50%
February 6 Will You Love Me Tomorrow The Shirelles
50%
January 9 Wonderland By Night Bert Kaempfert
50%
January 16 Wonderland By Night Bert Kaempfert
50%
January 23 Wonderland By Night Bert Kaempfert
50%
August 28 Wooden Heart Joe Dowell
50%
No matching quizzes found
Score Distribution
Percent of People with Each Score
Percentile by Number Answered
Your Score History
You have not taken this quiz